000 00836nam a2200205Ii 4500
003 JO-AjNU
008 230605s9999||||xx |||||||||||||| ||und||
040 _aJO-AjNU
_bara
_erda
_cJO-AjNU
041 _aara
050 1 4 _aJX1245.A22 2002
100 3 _aعلوان، عبد الكريم,
_eauthor
_946510
245 0 0 _aالوسيط في القانون الدولي العام: المنظمات الدولية، الكتاب الرابع
250 _aط1/ الاصدار الثاني
264 3 1 _aعمان: مكتبة دار الثقافة اانشر والتوزيع، 2002
300 _aالكتاب الرابع، 286ص
336 _atext
_btxt
_2rdacontent
337 _aunmediated
_bn
_2rdamedia
338 _avolume
_bnc
_2rdacarrier
650 4 _aالمنظمات الدولية- القانون الدولي العام
_946511
999 _aA20239
_c23807
_d23807